| 000 | 00576nam a2200181 a 4500 | ||
|---|---|---|---|
| 001 | 000005557 | ||
| 005 | 20200929151719.0 | ||
| 008 | 090820s1970 sp a 001 0 spa d | ||
| 040 | _aDO-SdBNP | ||
| 082 |
_axxx _bB265a |
||
| 100 | 1 |
_aBarón Fernández, José _915699 |
|
| 245 | 1 | 0 |
_aAndrés Vesalio : _bSu vida y su obra / _cJosé Barón Fernández. |
| 260 |
_aMadrid : _bConsejo Superior de Investigaciones Científicas, _c1970. |
||
| 300 |
_a312 p. : _bil ; _c24 cm. |
||
| 500 | _aIncluye datos biográficos | ||
| 500 | _aIncluye referencias bibliográficas | ||
| 049 | _aBNPD | ||
| 999 |
_c5356 _d5356 |
||